Ako sa zorientovať v symboloch ratingových agentúr

Niekoľko myšlienok a vysvetlení, ktoré objasňujú symboly hodnotenia ratingových agentúr. Dva spôsoby skonštruovania lokálnej ratingovej škály. Príklad - možné symboly pri hodnotení dlhodobých záväzkoch hypotetického slovenského subjektu.

Salvato in:
Dettagli Bibliografici
Natura: Capitolo di libro
Lingua:slovacco
Soggetti:
Tags: Aggiungi Tag
Nessun Tag, puoi essere il primo ad aggiungerne!!

MARC

LEADER 00000naa a2200000 4500
001 r043148
005 20230801095627.8
041 0 |a slo 
044 |a SK 
245 1 0 |a Ako sa zorientovať v symboloch ratingových agentúr 
520 |a Niekoľko myšlienok a vysvetlení, ktoré objasňujú symboly hodnotenia ratingových agentúr. Dva spôsoby skonštruovania lokálnej ratingovej škály. Príklad - možné symboly pri hodnotení dlhodobých záväzkoch hypotetického slovenského subjektu. 
610 2 0 |a rating 
610 2 0 |a škály 
610 2 0 |a symboly 
610 2 0 |a Slovenská ratingová agentúra